| 000 | 01376cam a2200349 i 4500 | ||
|---|---|---|---|
| 999 |
_c25486 _d25486 |
||
| 001 | 25486 | ||
| 003 | Mx-PuUPA | ||
| 005 | 20240410103738.0 | ||
| 008 | 140415s2018 mx gr 001 0 spa d | ||
| 020 | _a9786078460311 | ||
| 040 |
_aMx-PuUPA _bspa _cMx-PuUPA _dMx-PuUPA _erda |
||
| 041 | 0 | _aspa | |
| 100 | 1 |
_aRasky, Harry, _d1928- _eautor |
|
| 240 | 1 | 4 |
_aThe song of Leonard Cohen. _lEspañol |
| 245 | 1 | 3 |
_aLa balada de Leonard Cohen : _bretrato de un poeta, una amistad y una película / _cHarry Rasky ; traducción de Fanny del Río |
| 250 | _aPrimera edición | ||
| 264 | 4 |
_aCiudad de México : _bTrilce Ediciones, _c2018 |
|
| 300 |
_a188 páginas : _bilustraciones ; _c23 cm |
||
| 336 |
_atexto _2rdacontent _btxt |
||
| 337 |
_asin medio _2rdamedia _bn |
||
| 338 |
_avolumen _2rdacarrier _bnc |
||
| 600 | 1 | 4 |
_aCohen, Leonard, _d1934 - 2016 |
| 650 | 4 |
_aCompositores _zCanadá _vBiografía |
|
| 650 | 4 |
_aCantantes _zCanadá _vBiografía |
|
| 650 | 4 |
_aPoetas canadienses _vBiografía |
|
| 700 | 1 |
_aRío, Fanny del, _etraductor |
|
| 765 | 1 | 8 |
_aRasky, Harry, _bPrimera edición _dCanada : Mosaic Press, 2001 _tThe song of Leonard Cohen : portrait of a poet, a friendship & film. |
| 942 |
_2ddc _cLI _h782.42164092 _iC678 |
||